000 00687nam a22001817a 4500
005 20240313121500.0
010 _aHIN-127075
020 _a9789390692903
_c750.00
035 _aHN-99421
037 _bDBAD/PUB
082 _a821
100 _aपूनम
_963244
245 _aप्रकृति,कविता अवं आर्थिक विकास:
_bकविता संग्रह/
_cपूनम द्वारा लिखित
260 _aNew Delhi
_bMittal Pblication
_c2022
270 _a4594/9 daryaganj
_bNew Delhi
_e110002
300 _a219पृष्ठ;
_c23सेमी(सजिल्द)
942 _2ddc
_cHN
_h821
_mपूनम
999 _c201428
_d201428